书目信息 |
| 题名: |
数值分析
|
|
| 作者: | 李庆扬 编 | |
| 分册: | ||
| 出版信息: | 北京 清华大学出版社 2001.08 |
|
| 页数: | 403页 | |
| 开本: | 19cm | |
| 丛书名: | ||
| 单 册: | ||
| 中图分类: | O241 | |
| 科图分类: | ||
| 主题词: | 计算数学 | |
| 电子资源: | ||
| ISBN: | 7-302-04561-5 | |
| 000 | 00544nam0 2200205 45 | |
| 001 | 0238644871 | |
| 005 | 20081022094741.73 | |
| 010 | @a7-302-04561-5@b压膜@dRMB 16.00 | |
| 100 | @a20020610d2001 km y0chiy0120 ea | |
| 101 | 0 | @achi |
| 102 | @aCN@b110000 | |
| 200 | 1 | @a数值分析@AShu Zhi Fen Xi@f李庆扬等编@Fli qing yang deng bian |
| 205 | @a4版 | |
| 210 | @a北京@c清华大学出版社@d2001.08 | |
| 215 | @a403页@d19cm | |
| 606 | 0 | @a计算数学 |
| 690 | @aO241@v3 | |
| 701 | 0 | @a李庆扬@Ali qing yang@4编 |
| 801 | 0 | @aCN@c20081022 |
| 905 | @dO241@eL2301 | |
| 数值分析/李庆扬等编.-4版.-北京:清华大学出版社,2001.08 |
| 403页;19cm |
| ISBN 7-302-04561-5(压膜):RMB 16.00 |
| ● |
| 相关链接 |
|
|
|
正题名:数值分析
索取号:O241/L2301
 
预约/预借
| 序号 | 登录号 | 条形码 | 馆藏地/架位号 | 状态 | 备注 |
| 1 | 359902 | 203599025 | 自科库401/401自科库 49排2列2层/ [索取号:O241/L2301] | 在馆 | |
| 2 | 359903 | 203599034 | 自科库401/401自科库 49排2列2层/ [索取号:O241/L2301] | 在馆 | |
| 3 | 457551 | 204575511 | 自科库401/401自科库 49排2列2层/ [索取号:O241/L2301] | 在馆 | |
| 4 | 457552 | 204575520 | 自科库401/401自科库 49排2列2层/ [索取号:O241/L2301] | 在馆 |